New Zealand : Selected Issues.

This paper assesses the impact of a disruption to capital inflows by examining past episodes of capital inflows in New Zealand and other countries. It also reviews the IMF's Global Economy Model (GEM), which is used to provide some estimates of the equilibrium relationship between New Zealand&#...

Descrizione completa

Dettagli Bibliografici
Ente Autore: International Monetary Fund
Natura: Periodico
Lingua:English
Pubblicazione: Washington, D.C. : International Monetary Fund, 2008.
Serie:IMF Staff Country Reports; Country Report ; No. 2008/164
Accesso online:Full text available on IMF
LEADER 01525cas a2200241 a 4500
001 AALejournalIMF005108
008 230101c9999 xx r poo 0 0eng d
020 |c 5.00 USD 
020 |z 9781451973877 
022 |a 1934-7685 
040 |a BD-DhAAL  |c BD-DhAAL 
110 2 |a International Monetary Fund. 
245 1 0 |a New Zealand :   |b Selected Issues. 
264 1 |a Washington, D.C. :  |b International Monetary Fund,  |c 2008. 
300 |a 1 online resource (34 pages) 
490 1 |a IMF Staff Country Reports 
500 |a <strong>Off-Campus Access:</strong> No User ID or Password Required 
500 |a <strong>On-Campus Access:</strong> No User ID or Password Required 
506 |a Electronic access restricted to authorized BRAC University faculty, staff and students 
520 3 |a This paper assesses the impact of a disruption to capital inflows by examining past episodes of capital inflows in New Zealand and other countries. It also reviews the IMF's Global Economy Model (GEM), which is used to provide some estimates of the equilibrium relationship between New Zealand's real effective exchange rate and real commodity prices. The analysis also suggests that permanent changes in non-energy commodity prices can have a significant impact on New Zealand's equilibrium exchange rate. 
538 |a Mode of access: Internet 
830 0 |a IMF Staff Country Reports; Country Report ;  |v No. 2008/164 
856 4 0 |z Full text available on IMF  |u http://elibrary.imf.org/view/journals/002/2008/164/002.2008.issue-164-en.xml  |z IMF e-Library